Catalog

Record Details

Catalog Search



The lies we told  Cover Image Book Book

The lies we told / Camilla Way.

Way, Camilla, (author.).

Summary:

"The highly acclaimed author of Watching Edie returns with a new novel of dark psychological suspense that explores how those closest to us have the most to hide ... When Clara's boyfriend, Luke, disappears, everyone believes that he's left her, but Clara thinks she knows the truth. Recent evidence suggests that Luke had a stalker, and Clara worries that he's been kidnapped. Then Luke's older sister, Emma, who vanished twenty years ago, suddenly reappears. Emma wants to help Clara with her search for Luke, but she refuses to talk about what happened--even though it nearly destroyed her family when she vanished. And the deeper Clara digs into Luke's mysterious disappearance, the more convinced she is that the two incidents are connected"-- Provided by publisher.

Record details

  • ISBN: 9781643850726
  • ISBN: 1101989521
  • Physical Description: 324 pages ; 21 cm
  • Edition: First edition.
  • Publisher: New York : Berkley, 2018.
Subject: Truthfulness and falsehood > Fiction.
Family secrets > Fiction.
Genre: Thrillers (Fiction)

LDR 01802nam a2200337 i 4500
001152679
003CONS
00520191008074223.0
008180205t20182018nyu 000 1 eng
010 . ‡a 2018001098
020 . ‡a9781643850726 ‡q(hardcover)
020 . ‡a1101989521 ‡q(hardcover)
035 . ‡a(CPomAG)LMN614541
042 . ‡apcc
05000. ‡aPR6123.A93 ‡bL54 2018
08200. ‡a823/.92 ‡223
1001 . ‡aWay, Camilla, ‡eauthor.
24514. ‡aThe lies we told / ‡cCamilla Way.
250 . ‡aFirst edition.
264 1. ‡aNew York : ‡bBerkley, ‡c2018.
300 . ‡a324 pages ; ‡c21 cm
336 . ‡atext ‡btxt ‡2rdacontent
337 . ‡aunmediated ‡bn ‡2rdamedia
338 . ‡avolume ‡bnc ‡2rdacarrier
520 . ‡a"The highly acclaimed author of Watching Edie returns with a new novel of dark psychological suspense that explores how those closest to us have the most to hide ... When Clara's boyfriend, Luke, disappears, everyone believes that he's left her, but Clara thinks she knows the truth. Recent evidence suggests that Luke had a stalker, and Clara worries that he's been kidnapped. Then Luke's older sister, Emma, who vanished twenty years ago, suddenly reappears. Emma wants to help Clara with her search for Luke, but she refuses to talk about what happened--even though it nearly destroyed her family when she vanished. And the deeper Clara digs into Luke's mysterious disappearance, the more convinced she is that the two incidents are connected"-- ‡cProvided by publisher.
650 0. ‡aTruthfulness and falsehood ‡vFiction.
650 0. ‡aFamily secrets ‡vFiction.
655 7. ‡aThrillers (Fiction) ‡2lcgft
914 . ‡aSCP_LP
959 . ‡i32269001179350 ‡lF Way ‡aAdult - Fiction ‡tHardback ‡g20.00
852 . ‡p32269001179350 ‡jF Way ‡gAdult - Fiction ‡cHardback ‡y20.00 ‡bSBPL
901 . ‡a152679 ‡bUnknown ‡c152679 ‡tbiblio

Additional Resources